Library Banner

Atom, man, and the universe (Record no. 53885)

MARC details
000 -LEADER
fixed length control field 00443nam a2200169Ia 4500
001 - CONTROL NUMBER
control field 56572
008 - FIXED-LENGTH DATA ELEMENTS--GENERAL INFORMATION
fixed length control field 140506s9999 xx 000 0 und d
020 ## - INTERNATIONAL STANDARD BOOK NUMBER
International Standard Book Number NA
040 ## - CATALOGING SOURCE
Transcribing agency PK-LaUMT
082 ## - DEWEY DECIMAL CLASSIFICATION NUMBER
Classification number MAL 500
Item number ALF-A
100 ## - MAIN ENTRY--PERSONAL NAME
Personal name Alfven, Hannes
245 ## - TITLE STATEMENT
Title Atom, man, and the universe
Remainder of title the long chain of complications
Statement of responsibility, etc Alfven, Hannes
260 ## - PUBLICATION, DISTRIBUTION, ETC. (IMPRINT)
Place of publication, distribution, etc San Francisco,USA:
Name of publisher, distributor, etc W. H. Freeman,
Date of publication, distribution, etc 1969
300 ## - PHYSICAL DESCRIPTION
Extent 110 p.
546 ## - LANGUAGE NOTE
Language note EN
942 ## - ADDED ENTRY ELEMENTS (KOHA)
Koha item type Books
Holdings
Withdrawn status Lost status Damaged status Not for loan Home library Current library Date acquired Total Checkouts Full call number Barcode Date last seen Price effective from Koha item type
        UMT Main Campus UMT Main Campus 2014-05-06   MAL 500 ALF-A 75199 2015-10-01 2014-05-08 Books